1566 1277 1217 1985 1639 1845 1736 1977 1667 1734 1079 1424 1511 1159 1219 1322 1431 1572 1114 1242 1310 1150 1896 1534 1293 1017 1159 1655 1409 1560 1502 1413 1482 1582 1543 1350 1912 1899 1628 1370 1700 1293 1828 1529 1762 1865 1972 1197 1263 1049 1604 1659 1902 1323 1989 1450 1079 1547 1691 1144 1164 1717 1287 1589 1695 1357 1038 1814 1573 1469 1830 1249 1662 1817 1873 1806 1971 1172 1437 1809 1399 1430 1181 1377 1381 1315 1765 1118 1361 1780 1897 1270 1107 1124 1204 1677 1098 1040 1352 BCNSPRNW ULIB Ver.6.0+V

เปลี่ยนเป็นภาษาไทย

Change to English
 แสดงรายละเอียดบรรณานุกรม
  กลับหน้าหลัก

Brief Record : Get Marc (ISO 2709) : E-mail record : QR code < ปิดหน้าต่าง
LEADER : 00000nam 2200000uu 4500
001    13399127415
003     ULIB
008    200520s2562||||th 000 0 tha d
020    ู^a9786162149368
050  0 ^aนว^bพ726บ
100    ^aพิมพ์อักษรา
245    ^aบัลลังก์ภูสรวง ตอน มนตร์ดาริกา
250    ^aพิมพ์ครั้งที่ 1
260    ^aกรุงเทพฯ :^bณ บ้านวรรณกรรม,^c2562
300    ^a496 หน้า;^b21 ซม.
650    ^aนวนิยาย
945    ^p360^l0^i007089
999    ^aประนอม เกษจรัล
รายการนี้ยังไม่มีแท็ก
คุณยังไม่ได้ล็อกอิน คุณสามารถมีกิจกรรมร่วมกับเว็บไซต์ได้ แต่ต้องล็อกอินก่อน ::
  ล็อกอิน

รายการสื่อสารสนเทศ

ลำดับที่ ประเภท เลขเรียก/บาร์โค้ด สถานที่ สถานะ
1. นวนิยาย
นวนิยาย
นว พ726บ ฉ.1 
  Barcode: 007089
ห้องสมุดวิทยาเขตสวรรค์ประชารักษ์
►หนังสือทั่วไป
บนชั้น

รายการใกล้เคียง
    ชื่อเรื่อง [บัลลังก์ภูสรวง ตอน มนตร์ดาริกา]

    ผู้แต่ง [พิมพ์อักษรา]

    หัวเรื่อง [นวนิยาย]

BibComment


ยังไม่เคยถูกคอมเมนท์

คอมเมนท์ทรัพยากรรายการนี้
  คอมเมนท์: บัลลังก์ภูสรวง ต..


 Copyright 2026. Bcnsprnw @Library